Zabytki USA na zdjęciach - Statystyki

Ogólne statystyki
  • Ten quiz został rozwiązany 14 razy
  • Średni wynik to 3 z 18
Statystyki odpowiedzi
Obrazkowy Odpowiedź % Poprawnych
Biały Dom
100%
Alcatraz
50%
Kapitol
43%
Mount Rushmore
36%
Most {Brookliński}
29%
Zapora Hoovera
29%
Dzwon wolności
21%
Bellagio Casino
14%
The Alamo
7%
Willis Tower
7%
Devil's Tower
0%
Fenway Park
0%
Łuk Wjazdowy
0%
Obserwatorium Griffitha
0%
Pomnik Weteranów Wojny Wietnamskiej
0%
Space Needle
0%
Świątynia Salt Lake
0%
Zamek Kopciuszka
0%
Nie znaleziono quizów pasujących do podanych kryteriów
Rozkład punktacji
Procent ludzi z każdym wynikiem
Percentyl według liczby udzielonych odpowiedzi
Twoja historia wyników
Nie rozwiązałeś tego quizu